000
00325nam a2200133Ia 4500
005
20251222151305.0
008
251222s9999||||xx |||||||||||||| ||spa||
082
_a
985.009.3/G26
100
_a
Garcilaso de la Vega, Inca
245
0
_a
Comentarios Reales de los Incas
250
_a
1ra.ed.
264
_b
Andina
942
_c
LIB
999
_c
23119
_d
23119